Cargando…

The Road /

In 1894, an eighteen-year-old Jack London quit his job shoveling coal, hopped a freight train, and left California on the first leg of a ten thousand-mile odyssey. His adventure was an exaggerated version of the unemployed migrations made by millions of boys, men, and a few women during the original...

Descripción completa

Detalles Bibliográficos
Autor principal: London, Jack (Autor)
Otros Autores: DePastino, Todd (Editor )
Formato: Electrónico eBook
Idioma:Inglés
Publicado: New Brunswick, NJ : Rutgers University Press, [2006]
Colección:Book collections on Project MUSE.
Temas:
Acceso en línea:Texto completo

MARC

LEADER 00000cam a22000004a 4500
001 musev2_16296
003 MdBmJHUP
005 20230905041751.0
006 m o d
007 cr||||||||nn|n
008 200623t20062006nju o 00 0 eng d
020 |a 9780813540122 
020 |z 9780813538068 
020 |z 0813540127 
035 |a (OCoLC)77521698 
040 |a MdBmJHUP  |c MdBmJHUP 
100 1 |a London, Jack,  |e author.  |4 aut  |4 http://id.loc.gov/vocabulary/relators/aut 
245 1 4 |a The Road /   |c Jack London; Todd DePastino. 
264 1 |a New Brunswick, NJ :  |b Rutgers University Press,  |c [2006] 
264 3 |a Baltimore, Md. :  |b Project MUSE,   |c 2013 
264 4 |c ©[2006] 
300 |a 1 online resource (224 pages):   |b 48. 
336 |a text  |b txt  |2 rdacontent 
337 |a computer  |b c  |2 rdamedia 
338 |a online resource  |b cr  |2 rdacarrier 
490 0 |a Subterranean Lives 
505 0 0 |t Frontmatter --  |t Contents --  |t Acknowledgments --  |t Introduction --  |t Selected Bibliography --  |t A Note on the Text --  |t The Road --  |t Explanatory Notes --  |t About the Editor 
520 |a In 1894, an eighteen-year-old Jack London quit his job shoveling coal, hopped a freight train, and left California on the first leg of a ten thousand-mile odyssey. His adventure was an exaggerated version of the unemployed migrations made by millions of boys, men, and a few women during the original "great depression of the 1890s. By taking to the road, young wayfarers like London forged a vast hobo subculture that was both a product of the new urban industrial order and a challenge to it. As London's experience suggests, this hobo world was born of equal parts desperation and fascination. "I went on 'The Road,'" he writes, "because I couldn't keep away from it . . . Because I was so made that I couldn't work all my life on 'one same shift'; because-well, just because it was easier to than not to." The best stories that London told about his hoboing days can be found in The Road, a collection of nine essays with accompanying illustrations, most of which originally appeared in Cosmopolitan magazine between 1907 and 1908. His virile persona spoke to white middle-class readers who vicariously escaped their desk-bound lives and followed London down the hobo trail. The zest and humor of his tales, as Todd DePastino explains in his lucid introduction, often obscure their depth and complexity. The Road is as much a commentary on London's disillusionment with wealth, celebrity, and the literary marketplace as it is a picaresque memoir of his youth. 
546 |a In English. 
588 |a Description based on print version record. 
650 7 |a Vagrancy  |2 fast  |0 (OCoLC)fst01163674 
650 7 |a Tramps  |2 fast  |0 (OCoLC)fst01154474 
650 7 |a Railroad travel  |2 fast  |0 (OCoLC)fst01088689 
650 7 |a Prisoners  |2 fast  |0 (OCoLC)fst01077103 
650 7 |a Authors, American  |2 fast  |0 (OCoLC)fst00821764 
650 7 |a LITERARY COLLECTIONS / General.  |2 bisacsh 
650 6 |a Vagabondage  |z États-Unis. 
650 6 |a Vagabonds  |z États-Unis  |v Biographies. 
650 6 |a Voyages en train  |z États-Unis. 
650 6 |a Prisonniers  |z États-Unis  |v Biographies. 
650 6 |a Écrivains americains  |y 20e siecle  |v Biographies. 
650 0 |a Vagrancy  |z United States. 
650 0 |a Vagrancy  |x United States. 
650 0 |a Tramps  |z United States  |v Biography. 
650 0 |a Tramps  |x Biography  |x United States. 
650 0 |a Railroad travel  |z United States. 
650 0 |a Railroad travel  |x United States. 
650 0 |a Prisoners  |z United States  |v Biography. 
650 0 |a Prisoners  |x Biography  |x United States. 
650 0 |a Authors, American  |y 20th century  |v Biography. 
650 0 |a Authors, American  |x Biography  |x 20th century. 
651 7 |a United States  |2 fast  |0 (OCoLC)fst01204155 
655 7 |a Biographies  |2 fast  |0 (OCoLC)fst01919896 
655 7 |a Electronic books.   |2 local 
700 1 |a DePastino, Todd,  |e editor.  |4 edt  |4 http://id.loc.gov/vocabulary/relators/edt 
710 2 |a Project Muse.  |e distributor 
830 0 |a Book collections on Project MUSE. 
856 4 0 |z Texto completo  |u https://projectmuse.uam.elogim.com/book/16296/ 
945 |a Project MUSE - Custom Collection 
945 |a Project MUSE - Archive Complete Supplement 
945 |a Project MUSE - Archive Literature Supplement